| 000 | 00745nam a22002417a 4500 | ||
|---|---|---|---|
| 001 | 20420 | ||
| 003 | DO-SdBNP | ||
| 005 | 20180118073755.0 | ||
| 007 | 20420 | ||
| 008 | 930607s1993 sp | |||| ||spa | ||
| 016 | 7 | _2BPMSU | |
| 020 | _a8481300047 | ||
| 040 |
_aBPMSU _bspa _cBPMSU |
||
| 100 | 1 |
_aCela, Camilo José _d1916-2002 |
|
| 245 | 1 | 0 |
_aCafé de artistas y otros papeles volanderos / _cCamilo José Cela |
| 260 |
_aBarcelona : _bPrimera Plana, _c1993 |
||
| 300 |
_a95 p.: _c21 cm, |
||
| 490 |
_aGrandes autores. Biblioteca de literatura universal _v3 |
||
| 830 |
_pGrandes autores. Biblioteca de literatura universal _v3 |
||
| 942 |
_2ddc _cBK |
||
| 945 | _ainventariado, 2018 / dg | ||
| 956 |
_2VMATEO _310 _620151119 _8BPMSU _a00151 |
||
| 999 |
_c8813 _d8813 |
||